000 00860nam a22002657a 4500
001 sjds
003 sjds
005 20230625194806.0
008 230625b |||||||| |||| 00| 0 eng d
020 _a9780545164269
020 _a0545164265
040 _csjds
041 _aeng
100 1 0 _aKertell, Lynn Maslen
245 _aBob books : The CD book /
_cLynn Maslen Kertell (Author), Sue Hendra (Illustrator), John R. Maslen (Illustrator)
246 1 4 _aThe CD book
246 1 0 _aThe CD book
260 _aNew York, New York :
_bScholastic Inc.,
_c2009
300 _a12 pages :
_billustrations (some color) ;
_c20 cm
440 _aMy first Bob books pre-reader,
_nAlphabet,
_n book 2
521 _aTarget Audience: For ages 2 and up.
700 1 0 _4Hendra, Sue
_qIllustrator
700 1 0 _aMaslen, John R. Illustrator
_qIllustrator
942 _cBK
999 _c28221
_d28221